L'esultanza della serenità (soggiorno pisano) / (Record no. 193544)

MARC details
000 -LEADER
campo de control de longitud fija 01960nam a2200313 i 4500
001 - NÚMERO DE CONTROL
campo de control 193544
003 - IDENTIFICADOR DE NÚMERO DE CONTROL
campo de control ES-MaACL
005 - FECHA Y HORA DE LA ÚLTIMA TRANSACCIÓN
campo de control 20250708203222.0
007 - CAMPO FIJO DE DESCRIPCIÓN FÍSICA--INFORMACIÓN GENERAL
campo de control de longitud fija ta
008 - DATOS DE LONGITUD FIJA--INFORMACIÓN GENERAL
campo de control de longitud fija 240105s2010 it |||||| ||||| |sp |c
020 ## - NÚMERO INTERNACIONAL ESTÁNDAR DEL LIBRO
Número Internacional Estándar del Libro 9788846726933
040 ## - FUENTE DE CATALOGACIÓN
Centro/agencia transcriptor ES-MaACL
100 0# - ENTRADA PRINCIPAL--NOMBRE DE PERSONA
Nombre de persona Hernando de Larramendi, Margarita
9 (RLIN) 63104
245 12 - MENCIÓN DEL TÍTULO
Título L'esultanza della serenità (soggiorno pisano) /
Mención de responsabilidad, etc. Margarita Hernando de Larramendi ; con un prologo di Giulia Poggi.
260 ## - PUBLICACIÓN, DISTRIBUCIÓN, ETC.
Lugar de publicación, distribución, etc. Pisa :
Nombre del editor, distribuidor, etc. ETS,
Fecha de publicación, distribución, etc. 2010.
300 ## - DESCRIPCIÓN FÍSICA
Extensión XI, 127 páginas ;
Dimensiones 21 cm
490 1# - MENCIÓN DE SERIE
Mención de serie Hesperiae ;
Designación de volumen o secuencia 3
500 ## - NOTA GENERAL
Nota general Texto paralelo castellano e italiano.
520 ## - RESUMEN, ETC.
Sumario, etc. Alaridos del gozo de pie en la bicicleta (a toda velocidad por todo Borgo Stretto mi alegrìa va) Fra le varie correnti che animano il panorama della recente e recentissima poesia spagnola, uno spazio particolare occupa il cosiddetto venecianismo. Si tratta di una fascinazione del vicino, che affonda le sue radici in un passato lontano, e che si riacutizza ogniqualvolta si intensificano le occasioni di dialogo e di scambio fra i due paesi. È il caso, questo, della madrilena Margarita Hernando de Larramendi che, lettrice di lingua spagnola presso l’università pisana per buona parte degli Ottanta e Novanta, ha voluto ricordare il suo lungo soggiorno attraverso una raccolta di poesie da lei stessa tradotte. (dal prologo di Giulia Poggi)
700 ## - ENTRADA AGREGADA--NOMBRE PERSONAL
Nombre de persona Poggi, Giulia,
Fechas asociadas al nombre 1946-
9 (RLIN) 234846
Término indicativo de función/relación Autor de introducción
830 ## - PUNTO DE ACCESO ADICIONAL DE SERIE-TÍTULO UNIFORME
Título uniforme Hesperiae
9 (RLIN) 235136
852 ## - LOCALIZACIÓN
Ubicación ES-MaACL
Sublocalización o colección R.154818
Ubicación en estantería Depósito J
Número de control de estantería N-9696
Donativo/Legado Donación: Margarita Herando de Larramendi
itemnumber 201301
Encuadernación Encuadernación rústica con solapas
903 ## - NOMBRE PERSONAL DE DONANTE
9 63104
a Hernando de Larramendi, Margarita
e Donante
942 ## - ELEMENTOS DE ENTRADA SECUNDARIOS (KOHA)
Tipo de ítem Koha Libro impreso
Suprimir en OPAC No
Holdings
Estatus retirado Estado de pérdida Fuente del sistema de clasificación o colocación Estado de daño No para préstamo Biblioteca de origen Biblioteca actual Ubicación en estantería Fecha de adquisición Fuente de adquisición Número de control de estantería Total de préstamos Signatura topográfica completa Código de barras Visto por última vez Precio de reemplazo Tipo de ítem Koha
    Clasificación decimal universal     Biblioteca del Ateneo de Madrid Biblioteca del Ateneo de Madrid Depósito J 12/11/2023 Donación Ateneísta   N-9696 101206718 12/02/2024 12/02/2024 Libro impreso